000 00530nam a22001817a 4500
999 _c18509
_d18509
003 AR-CdUCM
008 190514b ||||| |||| 00| 0 spa d
040 _aMUNICIPALIDAD PROVINCIAL DEL CUSCO
_cBIBLIOTECA MUNICIPAL DEL CUSCO
082 _a808.81 /
_bA33
100 _aAlarcon Silvera, Blequer
_939139
245 _aNuestras voces y nuestras canciones /
260 _aLima :
_bMarielina,
_c2003.
300 _a100 páginas ;
_c22 cm.
505 _aPoesía.
650 _aPoesía.
_9139
942 _2ddc
_cFOLLETOS
945 _awfj